00251nam a2200085 a 4500008004100000050001500041100001800056245008200074350000900156120416s9999 xx |||||||||||||| || u aTS 226 Dif aKazakov, N. F10aDiffusion bonding of materialsctranslated from Russian by Boris V. Kuznetsov a0.00